Biện pháp quản lý công tác giáo dục đạo đức cho học sinh - sinh viên Trường Cao đẳng Giao thông vận tải II
Khái quát cơ sở lý luận về quản lý công tác giáo dục đạo đức cho HSSV. Khảo sát thực trạng quản lý công tác GDĐĐ cho HSSV trường Cao đẳng GTVT II. Đề xuất các biện pháp quản lý công tác GDĐĐ cho HSSV trường Cao đẳng GTVT II, góp phần nâng cao chất lượng giáo dục toàn diện....
Đã lưu trong:
| Hovedforfatter: | |
|---|---|
| Andre forfattere: | |
| Format: | Bog |
| Sprog: | Vietnamese |
| Udgivet: |
Đà Nẵng
Đại học Đà Nẵng
2016
|
| Fag: | |
| Tags: |
Tilføj Tag
Ingen Tags, Vær først til at tagge denne postø!
|
| Thư viện lưu trữ: | Mạng thư viện Đại học Đà Nẵng |
|---|
| LEADER | 01874nam a2200349 4500 | ||
|---|---|---|---|
| 001 | 000023855 | ||
| 003 | 20308 | ||
| 005 | 20160329150337.0 | ||
| 008 | 160318s2016 viesd | ||
| 041 | |a vie | ||
| 082 | 1 | 4 | |a 378.014 |b HO-Y |
| 100 | 1 | |a Hoàng Hải Yến | |
| 245 | 1 | |a Biện pháp quản lý công tác giáo dục đạo đức cho học sinh - sinh viên Trường Cao đẳng Giao thông vận tải II |c Hoàng Hải Yến ; Phùng Đình Mẫn hướng dẫn. |k Luận văn Thạc sĩ | |
| 260 | |a Đà Nẵng |b Đại học Đà Nẵng |c 2016 | ||
| 300 | |a 105 tr. ; phụ lục 16 tr. |c 29 cm. |e Tóm tắt | ||
| 500 | |a Luận văn thạc sĩ. Chuyên ngành: Quản lý giáo dục. Mã số: 60.14.01.14 | ||
| 520 | 3 | |a Khái quát cơ sở lý luận về quản lý công tác giáo dục đạo đức cho HSSV. Khảo sát thực trạng quản lý công tác GDĐĐ cho HSSV trường Cao đẳng GTVT II. Đề xuất các biện pháp quản lý công tác GDĐĐ cho HSSV trường Cao đẳng GTVT II, góp phần nâng cao chất lượng giáo dục toàn diện. | |
| 650 | 0 | 4 | |a Giáo dục đại học |v Luận văn tốt nghiệp |x Giáo dục đạo đức |x Nghiên cứu |z Đà Nẵng |
| 653 | |a Giáo dục đạo đức | ||
| 653 | |a Giáo dục đại học | ||
| 653 | |a Quản lý giáo dục | ||
| 700 | 1 | |a Phùng Đình Mẫn |c PGS.TS. |e Hướng dẫn | |
| OWN | |a LSP | ||
| AVA | |a UDN50 |b LSP |d 378.014 HO-Y |e available |t Error 5001 Not defined in file expand_doc_bib_avail. |f 1 |g 0 |h N |i 0 |k 1 | ||
| 999 | |a From the UDN01 | ||
| AVA | |a UDN50 |b LSP |d 378.014 HO-Y |e available |t Error 5001 Not defined in file expand_doc_bib_avail. |f 1 |g 0 |h N |i 0 |k 1 | ||
| TYP | |a Monograph | ||
| TYP | |a Printed language | ||
| 980 | |a Mạng thư viện Đại học Đà Nẵng | ||